000 01194nam a22001337a 4500
999 _c533147
_d533147
008 260427b ||||| |||| 00| 0 eng d
100 _aAzad, Rohit and Sinha, Dipa
_960260
245 _aTowards a three-sector structuralist framework: The INDIAN case
260 _aEconomic & Political Weekly
300 _a61(7), Feb 14, 2026: p.42-51
520 _aWhile the Indian economy sustained average gross domestic product growth rates of above 6% since the 1990s, this period has also seen an unprecedented rise in income and wealth inequalities. Moreover, this transformation has been more significant in the case of output rather than formal employment. To theoretically understand this divergence between output and formal employment, this paper argues that a different framework than the usual three-sector classification—agriculture, industry, and services—may be required. A structuralist framework is developed with three sectors—agriculture, unorganised, and organised—to study this transformation. –Reproduced https://www.epw.in/journal/2026/7/special-articles/towards-three-sector-structuralist-framework.html
773 _aEconomic & Political Weekly
942 _cAR